Quiz sulla città di Torino - Statistics

Statistiche generali
  • Questo quiz è stato fatto 892 volte
  • Il punteggio medio è 14 su 22
Statistiche sulle risposte
Descrizione Risposta % Corretto
Regione di quale Torino è il capoluogo Piemonte
100%
Fiume maggiore Po
96%
Più alta struttura Mole {Antonelliana}
95%
Costruttore automobilistico più importante d'Italia Fiat
93%
Squadra di calcio con più titoli di Serie A Juventus
86%
Torino fu il centro di questa dinastia potente per più di 200 anni Savoia
83%
Cioccolato cremoso alle nocciole tipico di Torino Gianduia
80%
Famiglia ricca, fondatrice di questa marca nel 1899 Agnelli
79%
Museo che si trova sotto questa struttura Museo nazionale del {cinema}
79%
Famoso lenzuolo che ripresenta la faccia del Cristo, secondo alcuni Sacra Sindone
78%
Anno in cui si sono svolte le Olimpiadi invernale di Torino 2006
73%
...ed anche la capitale di questo stato dal 1720 al 1861 Regno di {Sardegna}
65%
Primo primo ministro d'Italia e figura importante del Risorgimento torinese Camillo Cavour
61%
Tipo di caffè preparato ad alta pressione, inventato a Torino Espresso
53%
Altre grande aziende automobilistiche con sede a Torino Lancia
48%
Altre grande aziende automobilistiche con sede a Torino Alfa Romeo
44%
Grande complesso industriale sulla Via Nizza Lingotto
43%
Il nome della città è derivato da questo popolo celto-ligure Taurini
40%
Il Duomo di Torino è dedicato a quel santo Giovanni Battista
37%
Unica porta conservata dell'epoca romana di Torino Porta {Palatina}
37%
Marca di vermouth inventata a Torino nel 1863 Martini
24%
Regione storica famosa per i suoi castelli, situata al nord di Torino Canavese
21%
Nessun quiz corrispondente trovato
Distribuzione punteggi
Percentuale di utenti per punteggio
Percentile per numero di risposta
I tuoi punteggi nel tempo
Non hai fatto questo quiz